500 3D-objects
Сохранить в:
| Главный автор: | |
|---|---|
| Формат: | |
| Язык: | немецкий английский французский китайский |
| Опубликовано: |
Colonia
Taschen
2002
|
| Предметы: | |
| Метки: |
Добавить метку
Нет меток, Требуется 1-ая метка записи!
|
MARC
| LEADER | 00000nam a2200000 a 4500 | ||
|---|---|---|---|
| 001 | UCL6888 | ||
| 003 | CL-VaPUC | ||
| 008 | 040423e20020000gw |||||||||||||||||ger|d | ||
| 041 | 0 | 7 | |a ger |2 CL-VaPUC |
| 041 | 0 | 7 | |a eng |2 CL-VaPUC |
| 041 | 0 | 7 | |a fre |2 CL-VaPUC |
| 041 | 0 | 7 | |a chi |2 CL-VaPUC |
| 082 | 0 | 4 | |a 006.693 |b WIE |2 21 |
| 100 | 0 | |a Wiedemann, J |e author |9 484558 | |
| 245 | 1 | 0 | |a 500 3D-objects |
| 300 | |a 511 p | ||
| 942 | |c BK | ||
| 945 | |d 20040423 00:00:00 |a cmena | ||
| 260 | |a Colonia |b Taschen |c 2002 | ||
| 500 | |a Incluye: Manual de instrucciones; 2 Cd-Rom | ||
| 650 | 0 | |a Diseño gráfico |9 266874 | |
| 650 | 0 | |a Objetos tridimensionales |9 484559 | |
| 650 | 0 | |a Gráficos por computador |9 262412 | |
| 583 | |a last modification |c 20171214 01:25:37 |k Rodrigo Vera | ||
| 999 | |c 308772 |d 308770 | ||
| 952 | |0 0 |1 0 |4 0 |6 006_693000000000000_WIE_2002 |7 0 |8 R |9 375592 |a BIBARQ |b BIBARQ |d 2019-11-21 |i 4008804 |o 006.693 WIE 2002 |p 4008804 |r 2025-01-20 |w 2019-11-21 |y BK_R |k ARQ | ||